<?xml version="1.0" encoding="UTF-8"?>
<collection xmlns="http://www.loc.gov/MARC21/slim">
  <record>
    <leader>00000nam  2200000   4500</leader>
    <controlfield tag="001">INLIS000000000008977</controlfield>
    <controlfield tag="005">20200710012856</controlfield>
    <datafield tag="035" ind1="#" ind2="#">
      <subfield code="a">0010-0720000068</subfield>
    </datafield>
    <controlfield tag="007">ta</controlfield>
    <controlfield tag="008">200710################g##########0#ind##</controlfield>
    <datafield tag="020" ind1="#" ind2="#">
      <subfield code="a">9796864294</subfield>
    </datafield>
    <datafield tag="082" ind1="#" ind2="#">
      <subfield code="a">320</subfield>
    </datafield>
    <datafield tag="084" ind1="#" ind2="#">
      <subfield code="a">320 Gid r</subfield>
    </datafield>
    <datafield tag="100" ind1=" " ind2="#">
      <subfield code="a">Giddens Anthony</subfield>
    </datafield>
    <datafield tag="245" ind1="1" ind2="#">
      <subfield code="a">Runway World: Bagaimana Globalisasi Merombak Kehidupan Kita /</subfield>
      <subfield code="c">Anthony Giddens</subfield>
    </datafield>
    <datafield tag="250" ind1="#" ind2="#">
      <subfield code="a">Cet.1</subfield>
    </datafield>
    <datafield tag="260" ind1="#" ind2="#">
      <subfield code="a">Jakarta :</subfield>
      <subfield code="b">PT. Gramedia Pustaka Utama,</subfield>
      <subfield code="c">2003</subfield>
    </datafield>
    <datafield tag="300" ind1="#" ind2="#">
      <subfield code="a">xvii, 96 hal. ;</subfield>
      <subfield code="c">20 cm</subfield>
    </datafield>
    <datafield tag="650" ind1="#" ind2="#">
      <subfield code="a">1. Politik-ilmu</subfield>
    </datafield>
    <datafield tag="520" ind1="#" ind2="#">
      <subfield code="a">Runway World, Dunia yang Lepas kendali, sudah menyatakan pada kita bahwa perkembangan dunia saat ini jauh dari perkiraan semula. Bukannya menjadi stabil, tertib, dan dapat diprediksi--sebagaimana dinubuatkan optimisme Barat Abad Pencerahan, dengan kemajuan ilmu dan teknologinya--dunia justru semakin diluar kendali kita. Mengapa begitu? Satu kata kunci untuk menjelaskannya, globalisasi. Globalisasi adalah anak kemajuan ilmu dan teknologi. Pada gilirannya, globalisasi memunculkan beberapa risiko dan ketidakpastian baru yang melampaui kemampuan antisipasi kita.Perubahan dasyat ini merombak tradisi--bahkan yang berhubungan dengan agama--yang menjadi pijakan banyak orang selama ini. Tidak berhenti disitu saja, proses tersebut mentransformasikan nilai-nilai dalam keluarga, termasuk soal seksualitas   dan perkawinan. Bagaimana kita melewati tahap ini dan mencapai sesuatu yang lebih baik? Harapannya ada pada demiokrasi. Kekuatan demokrasi yang dimotori sikap toleransi kosmopolitan, tengah bertarung melawan fundamentalisme. Kalau demokrasi menang, jalan akan terbuka bagi kita untuk menjinakkan dunia yang lepas kendali. Buku ini membahas tema-tema di atas secara beruntun: globalisasi, risiko, tradisi, keluarga, dan demokrasi. Anthony Giddens menyajikan pembahasan tersebut secara cukup ringkas, gamblang, tajam, dan mudah diikuti. Dalam zaman yang penuh risiko dan ketidak pastian ini, mereka yang tidak ingin terseret perubahan dan kehilangan arah, perlu belajar dari buku ini.</subfield>
    </datafield>
    <datafield tag="856" ind1="#" ind2="#">
      <subfield code="a">Perpustakaan Lembaga Administrasi Negara</subfield>
    </datafield>
    <datafield tag="990" ind1="#" ind2="#">
      <subfield code="a">070310435</subfield>
    </datafield>
    <datafield tag="990" ind1="#" ind2="#">
      <subfield code="a">070310433</subfield>
    </datafield>
    <datafield tag="990" ind1="#" ind2="#">
      <subfield code="a">070310434</subfield>
    </datafield>
  </record>
</collection>
